000 00420nam a2200169 a 4500
001 21678
005 20180713215450.0
008 140415s1973 000 0 spa d
041 _aspa
082 _a808.815
_bVER
100 1 _aVERDUZCO, JERONIMO
245 1 0 _aDIOS EN EL SILENCIO
250 _a2a ed.
260 _a[s.l.] :
_bIMPRESOS LOPEZ,
_c1973
300 _a115
650 1 4 _aPOESIA RELIGIOSA
999 _c21678
_d21678